Statistics for Guess The Element

Click here to take the quiz!

General Stats

  • This quiz has been taken 19 times
  • The average score is 10 of 15

Answer Stats

HintAnswer% Correct
Your Breathe this.Oxygen
100%
Supermans birth planet nameKrypton
94%
Smells like rotten eggs!Sulfur
94%
Salt (not chlorine)Sodium
88%
Used in Nuclear Power plantsUranium
88%
Element that starts with "X"Xenon
88%
Named after Marie CurieCurium
81%
Used in StarsHydrogen
75%
Used in NickelsNickel
75%
Named after a ValleySilicon
69%
Redish-Black HalogenBromine
50%
Longest Element NameRutherfordium
31%
Heaviest Non-radioactive elementBismuth
19%
Used in (most) smoke detectorAmericium
13%
Only Radioactive Rare Earth elementPromethium
6%

Score Distribution

Percentile by Number Answered

Percent of People with Each Score

Your Score History

You have not taken this quiz